| 000 | 02780cas a2200601 4500 | ||
|---|---|---|---|
| 001 | 1502 | ||
| 003 | BD-RjUL | ||
| 005 | 20211208233341.0 | ||
| 008 | 131127c18869999nyuqr p 0 a0eng c | ||
| 032 |
_a437260 _bUSPS |
||
| 035 | _a(OCoLC)ocm01604215 | ||
| 035 | _a(BD-RjUL)1525 | ||
| 037 | _bAcademy of Political Science, 2852 Broadway, New York, NY 10025 | ||
| 040 |
_aMnMULS _beng _cMnMULS _dOCoLC _dCtY _dMH _dNSDP _dDLC _dNSDP _dNST _dAIP _dMH _dNSDP _dMH _dNSDP _dNST _dNSDP _dNST _dDLC _dNST _dMCM _dDLC _dGU _dWaU _dCU-S _dInU _dWaU _dGU _dNSDP _dMH _dDNLM _dOCoLC _dDLC _dMCM _dNLGGC _dCaQQL _dAMAZN _dOCoLC _dBLBSF _dUKMGB _dMoSF _dMCM _dBD-RjUL |
||
| 042 |
_ansdp _apcc |
||
| 051 |
_ahttp://www.jstor.org/journals/00323195.html _cELECTRONIC COPY |
||
| 082 | 4 |
_a320.05 _bPOL |
|
| 245 | 0 | 0 | _aPolitical science quarterly. |
| 246 | 1 |
_iIssues for <summer 2000-> have also acronym title: _aPSQ |
|
| 260 |
_a[New York, etc.] _bAcademy of Political Science. |
||
| 300 |
_av. _c22-24 cm. |
||
| 525 | _aVols. 4-38, 40-41 include Record of political events, Oct. 1, 1888-Dec. 31, 1925 (issued as a separately paged supplement to no. 3 of v. 31-38 and to no. 1 of v. 40). | ||
| 550 | _aEdited by the Faculty of Political Science of Columbia University; Issued by the Academy of Political Science in the City of New York, 1909- ; by the Academy of Political Science, <1930-> | ||
| 650 | 0 |
_aPolitical science _vPeriodicals. _93865 |
|
| 650 | 0 |
_aSocial sciences _vPeriodicals. _94485 |
|
| 650 | 1 | 7 |
_aPolitieke wetenschappen. _2gtt _94432 |
| 650 | 6 |
_aSciences sociales _vPériodiques. _94428 |
|
| 650 | 1 | 4 |
_aCiencia Politica. _94486 |
| 710 | 2 |
_aAcademy of Political Science (U.S.) _94487 |
|
| 710 | 2 |
_aColumbia University. _bFaculty of Political Science. _94488 |
|
| 710 | 2 |
_aAcademy of Political Science in the City of New York. _94489 |
|
| 776 | 1 |
_tPolitical science quarterly (Online) _x1538-165X _w(DLC)sn 98023289 _w(OCoLC)39064101 |
|
| 776 | 0 | 8 |
_iOnline version: _tPolitical science quarterly _w(OCoLC)567965254 |
| 906 |
_a7 _bcbc _cserials _d3 _encip _f19 _gn-oclcserc |
||
| 942 |
_2ddc _cCR |
||
| 999 |
_c1502 _d1502 |
||